[Event "36. Copenhagen Open (Politiken Cup)"]
[Site "Elsinore"]
[Date "2014.07.27"]
[Round "8"]
[White "Leite, Steinar"]
[Black "Nielsen, Kai Gylling"]
[Result "1/2-1/2"]
[WhiteElo "1760"]
[BlackElo "1897"]
[PlyCount "90"]
[EventDate "2014.07.21"]
[EventType "swiss"]
[EventRounds "10"]
[EventCountry "DEN"]
[Source "ChessBase"]
[SourceDate "2014.08.29"]

1. e4 e6 2. d4 d5 3. Nc3 Bb4 4. e5 c5 5. a3 Bxc3+ 6. bxc3 Nc6 7. Qg4 g6 8. h4
h5 9. Qd1 Nge7 10. Bg5 Qa5 11. Qd2 cxd4 12. Bf6 Rg8 13. Ne2 dxc3 14. Nxc3 Bd7
15. Nb5 Qxd2+ 16. Kxd2 Kf8 17. Nd6 Rb8 18. Rb1 b6 19. Bd3 Nf5 20. Bxf5 gxf5 21.
Rbg1 Na5 22. f3 Nc4+ 23. Nxc4 dxc4 24. g4 Bc6 25. gxh5 Bxf3 26. h6 Bxh1 27. h7
Rxg1 28. h8=Q+ Rg8 29. Qh6+ Ke8 30. Qe3 Be4 31. Qd4 Bd5 32. h5 Rg2+ 33. Kc1 Rh2
34. Qc3 Rxh5 35. Qg3 Rh1+ 36. Kb2 Kd7 37. Qg7 c3+ 38. Kxc3 Rc8+ 39. Kb2 Rc7 40.
Qf8 Rh2 41. Qd8+ Kc6 42. Qb8 Be4 43. Bd8 Rxc2+ 44. Kb3 Rb7 45. Qd6+ Kb5 1/2-1/2

[Event "36. Copenhagen Open (Politiken Cup)"]
[Site "Elsinore"]
[Date "2014.07.27"]
[Round "8"]
[White "Leutwyler, Martin"]
[Black "Mottonen, Ari"]
[Result "0-1"]
[WhiteElo "2190"]
[BlackElo "2000"]
[PlyCount "260"]
[EventDate "2014.07.21"]
[EventType "swiss"]
[EventRounds "10"]
[EventCountry "DEN"]
[Source "ChessBase"]
[SourceDate "2014.08.29"]

1. d4 Nf6 2. c4 e6 3. Nc3 Bb4 4. f3 d5 5. a3 Bxc3+ 6. bxc3 O-O 7. cxd5 exd5 8.
e3 c5 9. Bd3 Nc6 10. Ne2 Re8 11. O-O b6 12. Ng3 Ne7 13. Bb2 Qc7 14. Qd2 Bb7 15.
Rae1 Rad8 16. e4 dxe4 17. fxe4 cxd4 18. cxd4 Ng6 19. Rxf6 gxf6 20. Nh5 Kh8 21.
Qh6 Rg8 22. Nxf6 Rg7 23. Nh5 f6 24. Qxg7+ Qxg7 25. Nxg7 Kxg7 26. g3 Re8 27. Kf2
Kf7 28. h4 h6 29. h5 Nf8 30. Bc1 Kg7 31. e5 fxe5 32. Rxe5 Rxe5 33. dxe5 Bd5 34.
Be3 Ne6 35. Ke2 Nc5 36. Bc2 Ne4 37. Bf4 Nc5 38. Bf5 Ne6 39. Be3 Nc5 40. Bd4 Ne6
41. Bc3 Kf7 42. Kd3 Ba2 43. Bb4 Bb1+ 44. Kc4 Bxf5 45. Kb5 Bd3+ 46. Kc6 Be4+ 47.
Kd6 Bf3 48. Bd2 Bxh5 49. Bxh6 Bf3 50. Be3 Bd1 51. Kc6 Ba4+ 52. Kb7 b5 53. Bxa7
Ng5 54. Be3 Nf3 55. Kb6 Ke6 56. Kc5 Kxe5 57. Bf4+ Kf5 58. Kd5 Nh2 59. Bd6 Kg4
60. Ke4 Nf1 61. Bf8 Nxg3+ 62. Ke3 Kf5 63. Kf3 Ne4 64. Ke3 Ke5 65. Kd3 Kd5 66.
Be7 Nd6 67. Bf8 Nc4 68. Be7 Ke5 69. Bf8 Kf4 70. Be7 Kf3 71. Bc5 Bd1 72. Be7 Kf2
73. Bc5+ Kf1 74. Bb4 Ba4 75. Bf8 Ke1 76. Kc3 Ke2 77. Be7 Kd1 78. Bf8 Kc1 79.
Be7 Kb1 80. Bf8 Ka2 81. Be7 Nxa3 82. Bf8 Nc4 83. Be7 Na5 84. Bf8 Nc6 85. Bc5
Kb1 86. Bf8 Kc1 87. Bc5 Kd1 88. Bf8 Ke2 89. Bc5 Kf3 90. Bf8 Ke4 91. Bc5 Kd5 92.
Bf8 Bd1 93. Ba3 Be2 94. Bf8 Bc4 95. Ba3 Ne5 96. Bf8 Nd7 97. Be7 Nb6 98. Bf8 Kc6
99. Ba3 Nd5+ 100. Kd4 Bf1 101. Bf8 b4 102. Bxb4 Nxb4 103. Ke5 Bg2 104. Kd4 Kd6
105. Kc4 Nc6 106. Kd3 Bd5 107. Kc3 Ke5 108. Kd3 Be4+ 109. Kc3 Kd5 110. Kb3 Kd4
111. Kb2 Kc4 112. Ka2 Kc3 113. Ka1 Nd4 114. Ka2 Nb3 115. Ka3 Bb1 116. Ka4 Nd4
117. Ka3 Nb5+ 118. Ka4 Kc4 119. Ka5 Kc5 120. Ka4 Bc2+ 121. Ka5 Nd6 122. Ka6 Bd1
123. Ka5 Nb7+ 124. Ka6 Kc6 125. Ka7 Kc7 126. Ka6 Be2+ 127. Ka7 Nd6 128. Ka8 Bf1
129. Ka7 Nc8+ 130. Ka8 Bg2# 0-1

[Event "36. Copenhagen Open (Politiken Cup)"]
[Site "Elsinore"]
[Date "2014.07.27"]
[Round "8"]
[White "Levushkina, Elena"]
[Black "Fries Nielsen, Jens Ove"]
[Result "1/2-1/2"]
[WhiteElo "2310"]
[BlackElo "2398"]
[PlyCount "111"]
[EventDate "2014.07.21"]
[EventType "swiss"]
[EventRounds "10"]
[EventCountry "DEN"]
[Source "ChessBase"]
[SourceDate "2014.08.29"]

1. e4 g6 2. d4 Bg7 3. Nc3 Nc6 4. Be3 d6 5. Qd2 a6 6. h4 h5 7. Nh3 b5 8. Ng5 Nf6
9. f3 Rb8 10. Nd1 e5 11. d5 Ne7 12. Nf2 Bb7 13. a4 c6 14. axb5 cxd5 15. bxa6
Bc6 16. exd5 Nfxd5 17. Bc4 O-O 18. Bxd5 Nxd5 19. Nd3 Bh6 20. a7 Ra8 21. Nb4
Nxe3 22. Qxe3 Bb7 23. O-O f6 24. Qb3+ d5 25. Nd3 fxg5 26. Qxb7 g4 27. f4 Rf7
28. Qc6 Rf6 29. Qb5 exf4 30. Nb4 Rd6 31. Nc6 Qe8 32. Qb8 Rxc6 33. Qxe8+ Rxe8
34. a8=Q Rxa8 35. Rxa8+ Kf7 36. c3 d4 37. cxd4 Rc2 38. Ra7+ Kf6 39. Ra6+ Kf5
40. Re1 f3 41. gxf3 Kf4 42. fxg4 hxg4 43. Rae6 Kf3 44. d5 Bf4 45. Rf1+ Kg3 46.
Rd1 Kh3 47. d6 g3 48. d7 Bc7 49. Rxg6 Rg2+ 50. Kf1 Rf2+ 51. Kg1 Rxb2 52. h5
Rg2+ 53. Kf1 Rf2+ 54. Kg1 Rg2+ 55. Kf1 Rf2+ 56. Kg1 1/2-1/2

[Event "36. Copenhagen Open (Politiken Cup)"]
[Site "Elsinore"]
[Date "2014.07.27"]
[Round "8"]
[White "Lien, Kjell Hakon"]
[Black "Hendrickson, Nolan"]
[Result "0-1"]
[WhiteElo "2022"]
[BlackElo "2168"]
[PlyCount "48"]
[EventDate "2014.07.21"]
[EventType "swiss"]
[EventRounds "10"]
[EventCountry "DEN"]
[Source "ChessBase"]
[SourceDate "2014.08.29"]

1. e4 c5 2. Nf3 d6 3. d4 cxd4 4. Nxd4 Nf6 5. Nc3 g6 6. Be3 Bg7 7. f3 Nc6 8. Qd2
O-O 9. g4 Nxd4 10. Bxd4 Be6 11. O-O-O Qa5 12. a3 Rfc8 13. h4 Rab8 14. h5 b5 15.
hxg6 fxg6 16. Qg5 Bf7 17. Nd5 Bxd5 18. Bxf6 Bxe4 19. fxe4 exf6 20. Bc4+ Rxc4
21. Qd5+ Kh8 22. Rxh7+ Kxh7 23. Qf7 Rxc2+ 24. Kxc2 Qa4+ 0-1

[Event "36. Copenhagen Open (Politiken Cup)"]
[Site "Elsinore"]
[Date "2014.07.27"]
[Round "8"]
[White "Ly, Moulthun"]
[Black "Palm, Nikolaj"]
[Result "1/2-1/2"]
[WhiteElo "2466"]
[BlackElo "2332"]
[PlyCount "113"]
[EventDate "2014.07.21"]
[EventType "swiss"]
[EventRounds "10"]
[EventCountry "DEN"]
[Source "ChessBase"]
[SourceDate "2014.08.29"]

1. e4 e5 2. Nf3 Nc6 3. Bb5 a6 4. Ba4 Nf6 5. O-O Be7 6. Re1 b5 7. Bb3 d6 8. c3
O-O 9. h3 Na5 10. Bc2 c5 11. d4 Qc7 12. Nbd2 g6 13. b3 Nh5 14. Nf1 Bf6 15. Ne3
Bb7 16. d5 Bc8 17. Bd2 Bd7 18. c4 Nb7 19. Bd3 b4 20. Bf1 Bg7 21. a3 a5 22. Ra2
Rfb8 23. g3 Qc8 24. Kh2 Nd8 25. Nh4 Nf6 26. Bg2 a4 27. axb4 cxb4 28. f4 exf4
29. gxf4 Qc5 30. e5 Ne8 31. e6 fxe6 32. dxe6 Nxe6 33. Nd5 Qf2 34. Nf3 axb3 35.
Rxa8 Rxa8 36. Rf1 Qc5 37. Be3 Qxc4 38. Nd2 Qc2 39. Nb6 Ra1 40. Qe2 Rxf1 41.
Qxf1 Bc6 42. Nd5 Bxd5 43. Bxd5 Qf5 44. Bxb3 d5 45. Qb5 Nf6 46. Qxb4 Bf8 47. Qb8
Nd7 48. Qb7 Nxf4 49. Bxf4 Qxf4+ 50. Kh1 Nf6 51. Bxd5+ Nxd5 52. Qxd5+ Qf7 53.
Qxf7+ Kxf7 54. Nf3 Kf6 55. Kg2 Bd6 56. Nd2 Kf5 57. Nf3 1/2-1/2

[Event "36. Copenhagen Open (Politiken Cup)"]
[Site "Elsinore"]
[Date "2014.07.27"]
[Round "8"]
[White "Madison, Sigurd"]
[Black "Rosell, Sven"]
[Result "0-1"]
[WhiteElo "1792"]
[BlackElo "1985"]
[PlyCount "90"]
[EventDate "2014.07.21"]
[EventType "swiss"]
[EventRounds "10"]
[EventCountry "DEN"]
[Source "ChessBase"]
[SourceDate "2014.08.29"]

1. e4 c5 2. Nf3 d6 3. d4 cxd4 4. Nxd4 Nf6 5. Nc3 g6 6. Be2 Bg7 7. Be3 Nc6 8.
Nxc6 bxc6 9. O-O O-O 10. Bf3 Nd7 11. Qd2 Re8 12. Rab1 a5 13. Be2 a4 14. a3 Qa5
15. Bd4 Nf6 16. f4 Ba6 17. Rbd1 Bxe2 18. Qxe2 Rab8 19. e5 Nd7 20. Qf2 d5 21. f5
Nxe5 22. fxg6 fxg6 23. Qe2 Qc7 24. Nxa4 Rf8 25. Nc5 Rxf1+ 26. Rxf1 Nf3+ 27.
Rxf3 Bxd4+ 28. Kf1 Bxc5 29. Qe6+ Kh8 30. Rf7 Qd6 31. Qh3 h5 32. b4 Bd4 33. Qf3
Bf6 34. Qd3 Qf4+ 35. Ke2 Qe4+ 36. Qxe4 dxe4 37. Ke3 Kg8 38. Rxf6 exf6 39. Kxe4
Ra8 40. Kd4 Rxa3 41. c4 Kf7 42. Kc5 Rc3 43. Kd4 Rc2 44. b5 cxb5 45. cxb5 Ke6
0-1

[Event "36. Copenhagen Open (Politiken Cup)"]
[Site "Elsinore"]
[Date "2014.07.27"]
[Round "8"]
[White "Maechel, Michael"]
[Black "Hagen, Thorolf"]
[Result "1-0"]
[WhiteElo "1718"]
[BlackElo "1658"]
[PlyCount "62"]
[EventDate "2014.07.21"]
[EventType "swiss"]
[EventRounds "10"]
[EventCountry "DEN"]
[Source "ChessBase"]
[SourceDate "2014.08.29"]

1. e4 e5 2. Nf3 Nc6 3. Bb5 a6 4. Ba4 Nf6 5. O-O d6 6. Re1 Be7 7. h3 O-O 8. c3
Bd7 9. d4 exd4 10. cxd4 h6 11. Nc3 Re8 12. e5 dxe5 13. dxe5 Nh7 14. Bc2 Be6 15.
Qe2 Nd4 16. Bxh7+ Kxh7 17. Qe4+ Nf5 18. g4 g6 19. gxf5 gxf5 20. Qf4 Rg8+ 21.
Kh2 Rg6 22. Be3 Bg5 23. Nxg5+ hxg5 24. Qf3 Rh6 25. Rad1 Qe7 26. Nd5 Bxd5 27.
Qxf5+ Kh8 28. Rxd5 Rg8 29. Rd7 Qb4 30. Rg1 Qh4 31. Bxg5 Qh5 1-0

[Event "36. Copenhagen Open (Politiken Cup)"]
[Site "Elsinore"]
[Date "2014.07.27"]
[Round "8"]
[White "Marder, Simon"]
[Black "Jarlnaes, Erik"]
[Result "1/2-1/2"]
[WhiteElo "2082"]
[BlackElo "1892"]
[PlyCount "99"]
[EventDate "2014.07.21"]
[EventType "swiss"]
[EventRounds "10"]
[EventCountry "DEN"]
[Source "ChessBase"]
[SourceDate "2014.08.29"]

1. d4 Nf6 2. Bg5 d5 3. Nc3 Bf5 4. f3 Qd7 5. e3 e6 6. Bxf6 gxf6 7. Bd3 Bxd3 8.
Qxd3 c5 9. Nh3 Nc6 10. a3 c4 11. Qe2 Bh6 12. Rd1 O-O-O 13. f4 Rhg8 14. Qh5 Rg6
15. Nf2 Bg7 16. g3 f5 17. O-O f6 18. b3 Na5 19. Rb1 Bf8 20. b4 Nc6 21. Rfd1 Qf7
22. Kh1 Rg7 23. Qxf7 Rxf7 24. Ne2 Bd6 25. Ng1 Rg7 26. Nf3 h5 27. Nh4 Bc7 28.
Kg2 Ne7 29. Kf3 Rdg8 30. a4 Kd7 31. Ke2 Nc8 32. Nf3 Nd6 33. c3 Ne4 34. Nxe4
fxe4 35. Nd2 f5 36. Rg1 h4 37. Nf1 Bd8 38. Rb2 h3 39. Nd2 Bh4 40. Nf1 Rg6 41.
Kd1 R6g7 42. Kc2 Kd6 43. Kb1 Kd7 44. Ka2 Ke8 45. Rh1 Bd8 46. Nd2 Bc7 47. Rg1
Bd8 48. Rgb1 Bc7 49. Nf1 Rg6 50. Rc2 1/2-1/2

[Event "36. Copenhagen Open (Politiken Cup)"]
[Site "Elsinore"]
[Date "2014.07.27"]
[Round "8"]
[White "Merkesvik, Amalie Isabel"]
[Black "Andersen, Claus"]
[Result "0-1"]
[WhiteElo "1497"]
[BlackElo "1774"]
[PlyCount "64"]
[EventDate "2014.07.21"]
[EventType "swiss"]
[EventRounds "10"]
[EventCountry "DEN"]
[Source "ChessBase"]
[SourceDate "2014.08.29"]

1. e4 e5 2. Nf3 Nf6 3. Nc3 Bb4 4. d3 Nc6 5. Bd2 d5 6. Qe2 d4 7. Nd1 Bxd2+ 8.
Qxd2 O-O 9. c3 Re8 10. h4 Bg4 11. Ng1 Qd6 12. f3 Be6 13. h5 Rad8 14. g4 dxc3
15. Nxc3 Nd7 16. g5 Nc5 17. Rd1 Nb4 18. Rh2 Nbxd3+ 19. Bxd3 Qxd3 20. Qf2 Qc4
21. Rxd8 Rxd8 22. Qe2 Qxe2+ 23. Ngxe2 a6 24. Rg2 Nd3+ 25. Kf1 Nxb2 26. f4 Bh3
27. f5 Bxg2+ 28. Kxg2 c6 29. Ng3 Rd2+ 30. Kh3 Nd3 31. g6 Nf4+ 32. Kh4 hxg6 0-1

[Event "36. Copenhagen Open (Politiken Cup)"]
[Site "Elsinore"]
[Date "2014.07.27"]
[Round "8"]
[White "Merkesvik, Sondre"]
[Black "Hoiberg, Nina"]
[Result "1-0"]
[WhiteElo "2057"]
[BlackElo "2224"]
[PlyCount "97"]
[EventDate "2014.07.21"]
[EventType "swiss"]
[EventRounds "10"]
[EventCountry "DEN"]
[Source "ChessBase"]
[SourceDate "2014.08.29"]

1. e4 e5 2. Nf3 d6 3. Bc4 Be7 4. d4 Nd7 5. dxe5 Nc5 6. exd6 Qxd6 7. Qxd6 Bxd6
8. e5 Be7 9. O-O Be6 10. Na3 O-O-O 11. Be3 Nh6 12. Rad1 Ng4 13. Bf4 Ne4 14.
Bxe6+ fxe6 15. Rxd8+ Rxd8 16. h3 Ngxf2 17. Be3 Nd1 18. Bd4 c5 19. Rxd1 cxd4 20.
Nb5 Rd5 21. Nbxd4 Ng5 22. Rd3 Bc5 23. Kf1 Nxf3 24. Nxf3 Kd7 25. Ke2 h6 26. c4
Rxd3 27. Kxd3 Be7 28. Kc3 Bd8 29. Kb4 Bb6 30. c5 Bc7 31. Kb5 a6+ 32. Kc4 b5+
33. Kd4 Ba5 34. a3 Kc6 35. b3 Bc7 36. b4 Bd8 37. Ke4 Kd7 38. Nd4 Bc7 39. g3 Ke7
40. Ne2 Bd8 41. Kd4 Kd7 42. Nf4 Bg5 43. Kc3 Bxf4 44. gxf4 g6 45. Kd4 Kc6 46.
Ke4 Kc7 47. Kf3 Kc6 48. Kg4 Kd5 49. h4 1-0

[Event "36. Copenhagen Open (Politiken Cup)"]
[Site "Elsinore"]
[Date "2014.07.27"]
[Round "8"]
[White "Moe, Mogens"]
[Black "Hvenekilde, Jorgen"]
[Result "1-0"]
[WhiteElo "2274"]
[BlackElo "2122"]
[PlyCount "67"]
[EventDate "2014.07.21"]
[EventType "swiss"]
[EventRounds "10"]
[EventCountry "DEN"]
[Source "ChessBase"]
[SourceDate "2014.08.29"]

1. e4 g6 2. d4 Bg7 3. Nf3 d6 4. Nc3 a6 5. Bg5 h6 6. Be3 e6 7. Qd2 Nd7 8. O-O-O
b5 9. d5 e5 10. a3 f5 11. exf5 gxf5 12. g3 Ndf6 13. h4 Ne7 14. h5 Bd7 15. Be2
Qb8 16. b4 a5 17. Kb2 Qb7 18. Nh4 e4 19. Ng6 axb4 20. axb4 Nxg6 21. hxg6 Ke7
22. Bd4 Be8 23. g4 Bxg6 24. gxf5 Bf7 25. Rhg1 Rag8 26. Qf4 h5 27. Nxe4 Qxd5 28.
Bxf6+ Bxf6+ 29. Nxf6 Qa2+ 30. Kc3 Qa3+ 31. Kd2 Kxf6 32. Qh4+ Ke5 33. Bd3 Rxg1
34. Rxg1 1-0

[Event "36. Copenhagen Open (Politiken Cup)"]
[Site "Elsinore"]
[Date "2014.07.27"]
[Round "8"]
[White "Molvig, Henrik"]
[Black "Henrichsen, Jens"]
[Result "1/2-1/2"]
[WhiteElo "2162"]
[BlackElo "1959"]
[PlyCount "31"]
[EventDate "2014.07.21"]
[EventType "swiss"]
[EventRounds "10"]
[EventCountry "DEN"]
[Source "ChessBase"]
[SourceDate "2014.08.29"]

1. d4 Nf6 2. c4 e6 3. Nc3 Bb4 4. Qc2 d5 5. a3 Bxc3+ 6. Qxc3 O-O 7. Nf3 Ne4 8.
Qc2 b6 9. Bf4 c5 10. e3 Nc6 11. Bd3 f5 12. Ne5 Nxe5 13. Bxe5 Qe7 14. O-O Bd7
15. cxd5 exd5 16. f3 1/2-1/2

[Event "36. Copenhagen Open (Politiken Cup)"]
[Site "Elsinore"]
[Date "2014.07.27"]
[Round "8"]
[White "Molvig, Julius"]
[Black "Jensen, Thore Nyboe"]
[Result "0-1"]
[WhiteElo "1892"]
[BlackElo "2058"]
[PlyCount "72"]
[EventDate "2014.07.21"]
[EventType "swiss"]
[EventRounds "10"]
[EventCountry "DEN"]
[Source "ChessBase"]
[SourceDate "2014.08.29"]

1. d4 d5 2. c4 c6 3. Nf3 Nf6 4. Nc3 a6 5. Bf4 dxc4 6. a4 Nd5 7. Bg3 Qa5 8. Rc1
Nd7 9. e4 Nxc3 10. bxc3 b5 11. axb5 axb5 12. d5 Bb7 13. d6 exd6 14. Bxd6 Bxd6
15. Qxd6 Qa3 16. Qxa3 Rxa3 17. Nd4 Nc5 18. f3 O-O 19. Be2 Na4 20. Kf2 Nxc3 21.
Rc2 Rd8 22. Nf5 g6 23. Ne3 Nxe2 24. Kxe2 Kg7 25. Rb1 Ba6 26. Ng4 c3 27. Ke3 c5
28. Ne5 b4 29. Kf2 f6 30. Nc6 Rd6 31. Ne7 Bd3 32. Rd1 Bxc2 33. Rxd6 Ba4 34. e5
fxe5 35. Rd5 c2 36. Rxc5 Rc3 0-1

[Event "36. Copenhagen Open (Politiken Cup)"]
[Site "Elsinore"]
[Date "2014.07.27"]
[Round "8"]
[White "Morkedal, Oyvind"]
[Black "Mehringer, Joerg"]
[Result "1/2-1/2"]
[WhiteElo "1719"]
[BlackElo "1939"]
[PlyCount "64"]
[EventDate "2014.07.21"]
[EventType "swiss"]
[EventRounds "10"]
[EventCountry "DEN"]
[Source "ChessBase"]
[SourceDate "2014.08.29"]

1. e4 e5 2. Nf3 Nc6 3. Bb5 f5 4. d3 fxe4 5. dxe4 Nf6 6. O-O Bc5 7. Qd3 d6 8.
Nc3 O-O 9. Qc4+ Kh8 10. Bxc6 bxc6 11. Nxe5 Qe8 12. Nf3 a5 13. e5 Ba6 14. Qh4
Nd5 15. Nxd5 cxd5 16. Re1 Qg6 17. Nd4 Rae8 18. e6 Bc8 19. e7 Rf7 20. c3 Bf5 21.
Qg5 Qxg5 22. Bxg5 h6 23. Bh4 Bd7 24. f3 g5 25. Bf2 Rfxe7 26. Rxe7 Rxe7 27. Re1
Rxe1+ 28. Bxe1 Bxd4+ 29. cxd4 a4 30. Bb4 Kg7 31. Kf2 Kf6 32. Ke3 Bb5 1/2-1/2

[Event "36. Copenhagen Open (Politiken Cup)"]
[Site "Elsinore"]
[Date "2014.07.27"]
[Round "8"]
[White "Mortensen, Jan T"]
[Black "Tleptsok, Ruslan"]
[Result "0-1"]
[WhiteElo "2083"]
[BlackElo "2212"]
[PlyCount "80"]
[EventDate "2014.07.21"]
[EventType "swiss"]
[EventRounds "10"]
[EventCountry "DEN"]
[Source "ChessBase"]
[SourceDate "2014.08.29"]

1. f4 d5 2. Nf3 Nf6 3. e3 c5 4. b3 Nc6 5. Bb5 Qb6 6. Bxc6+ bxc6 7. Nc3 Ba6 8.
Ne5 e6 9. Na4 Qc7 10. Ba3 Bd6 11. Bxc5 Bxe5 12. fxe5 Qxe5 13. d3 Nd7 14. Kd2
Bb5 15. Qg4 f5 16. Qh4 Qf6 17. Qxf6 gxf6 18. Ba3 Rg8 19. g3 Bxa4 20. bxa4 Rg4
21. d4 Nb6 22. Kd3 Nc4 23. Bc1 Rb8 24. a5 Rg7 25. a6 Rb6 26. Bd2 Rxa6 27. Bb4
Rb6 28. Bc5 Rb2 29. Rhb1 Rgb7 30. Rxb2 Nxb2+ 31. Ke2 Nc4 32. Kd3 a5 33. Rf1 Kf7
34. h3 h5 35. Rf4 Rb1 36. Rf2 Re1 37. Re2 Rg1 38. g4 fxg4 39. hxg4 hxg4 40. c3
g3 0-1

[Event "36. Copenhagen Open (Politiken Cup)"]
[Site "Elsinore"]
[Date "2014.07.27"]
[Round "8"]
[White "Mott, Jens"]
[Black "Hansen, Ole Foss"]
[Result "1-0"]
[WhiteElo "1881"]
[BlackElo "1766"]
[PlyCount "81"]
[EventDate "2014.07.21"]
[EventType "swiss"]
[EventRounds "10"]
[EventCountry "DEN"]
[Source "ChessBase"]
[SourceDate "2014.08.29"]

1. e4 Nf6 2. e5 Nd5 3. c4 Nb6 4. d4 d6 5. f4 dxe5 6. fxe5 Nc6 7. Nf3 Bg4 8. Be3
e6 9. Nc3 Be7 10. Ne4 O-O 11. Be2 Bb4+ 12. Nc3 Bxf3 13. gxf3 Qh4+ 14. Bf2 Qh3
15. Bf1 Qf5 16. Qd3 Qh5 17. f4 Rad8 18. Be2 Qh6 19. O-O-O Nxe5 20. Qg3 Nexc4
21. Ne4 Rd5 22. Bd3 Be7 23. h4 Rb5 24. b3 Ba3+ 25. Kc2 Nb2 26. Bxb5 Nxd1 27.
Rxd1 Nd5 28. Qg5 Qg6 29. Qxg6 fxg6 30. Rf1 Rxf4 31. Ng5 Ne3+ 32. Bxe3 Rxf1 33.
Bxf1 Be7 34. Bc4 h6 35. Bxe6+ Kf8 36. Nf3 Bf6 37. Bf4 Ke7 38. Bc8 g5 39. hxg5
hxg5 40. Bxg5 Bxg5 41. Nxg5 1-0

[Event "36. Copenhagen Open (Politiken Cup)"]
[Site "Elsinore"]
[Date "2014.07.27"]
[Round "8"]
[White "Mozelius, Peter"]
[Black "Loveid, Erik"]
[Result "1-0"]
[WhiteElo "1847"]
[BlackElo "1490"]
[PlyCount "71"]
[EventDate "2014.07.21"]
[EventType "swiss"]
[EventRounds "10"]
[EventCountry "DEN"]
[Source "ChessBase"]
[SourceDate "2014.08.29"]

1. Nf3 d6 2. g3 Bg4 3. Bg2 Bxf3 4. Bxf3 c6 5. d3 e5 6. e4 Be7 7. Nc3 Nf6 8. Bd2
O-O 9. O-O Na6 10. Bg2 Nc7 11. f4 Nd7 12. f5 Bg5 13. Rf2 Bxd2 14. Qxd2 Nf6 15.
Bf3 Qe7 16. g4 h6 17. Rg2 Nh7 18. Rf1 Ng5 19. Rg3 f6 20. Bg2 Kf7 21. h4 Nh7 22.
Bf3 Ke8 23. Ne2 Kd7 24. Qb4 d5 25. Qb3 d4 26. Rc1 b6 27. c3 c5 28. Rg2 Qd6 29.
cxd4 exd4 30. Qc2 Na6 31. e5 Qxe5 32. Qa4+ Ke7 33. Qxa6 Qe3+ 34. Rf2 Rfd8 35.
Bxa8 Nf8 36. Bg2 1-0

[Event "36. Copenhagen Open (Politiken Cup)"]
[Site "Elsinore"]
[Date "2014.07.27"]
[Round "8"]
[White "Nilssen, Ellen Fredericia"]
[Black "Andersen, Guttorm"]
[Result "0-1"]
[WhiteElo "1646"]
[BlackElo "1845"]
[PlyCount "50"]
[EventDate "2014.07.21"]
[EventType "swiss"]
[EventRounds "10"]
[EventCountry "DEN"]
[Source "ChessBase"]
[SourceDate "2014.08.29"]

1. d4 Nf6 2. c4 e6 3. Nc3 Bb4 4. Qc2 d5 5. a3 Bxc3+ 6. Qxc3 b6 7. Bg5 Bb7 8. f3
O-O 9. e3 Nbd7 10. Be2 Rc8 11. Nh3 h6 12. Bh4 c5 13. dxc5 dxc4 14. Bxc4 Rxc5
15. b4 Rc6 16. b5 Rc5 17. Qb4 Qc7 18. Bb3 Qe5 19. O-O Rxb5 20. Qa4 Qxe3+ 21.
Kh1 Qxb3 22. Qxa7 Nc5 23. Rab1 Qxb1 24. Rxb1 Rxb1+ 25. Ng1 Ra8 0-1

[Event "36. Copenhagen Open (Politiken Cup)"]
[Site "Elsinore"]
[Date "2014.07.27"]
[Round "8"]
[White "Nordenbaek, Jan"]
[Black "Poulsen, Iver"]
[Result "1-0"]
[WhiteElo "2228"]
[BlackElo "2092"]
[PlyCount "61"]
[EventDate "2014.07.21"]
[EventType "swiss"]
[EventRounds "10"]
[EventCountry "DEN"]
[Source "ChessBase"]
[SourceDate "2014.08.29"]

1. e4 c5 2. Nf3 g6 3. d4 cxd4 4. Qxd4 Nf6 5. e5 Nc6 6. Qa4 Nd5 7. Qe4 Ndb4 8.
Bb5 a6 9. Bxc6 Nxc6 10. Bf4 Bg7 11. Nc3 O-O 12. O-O-O Qa5 13. Rd5 Qb4 14. Qe3
e6 15. Rd6 f6 16. a3 Qa5 17. exf6 Bxf6 18. Bh6 Bg7 19. Bxg7 Kxg7 20. h4 Qf5 21.
Ne2 Nd8 22. Rd4 e5 23. Ng3 Qf6 24. Nxe5 Qxf2 25. Nh5+ Kg8 26. Qh6 gxh5 27. Qg5+
Kh8 28. Ng6+ hxg6 29. Qh6+ Kg8 30. Qxg6+ Kh8 31. Rd5 1-0

[Event "36. Copenhagen Open (Politiken Cup)"]
[Site "Elsinore"]
[Date "2014.07.27"]
[Round "8"]
[White "Boe Olsen, Filip"]
[Black "Andersen, Rune Egede"]
[Result "0-1"]
[WhiteElo "1937"]
[BlackElo "2132"]
[PlyCount "106"]
[EventDate "2014.07.21"]
[EventType "swiss"]
[EventRounds "10"]
[EventCountry "DEN"]
[Source "ChessBase"]
[SourceDate "2014.08.29"]

1. d4 d5 2. c4 dxc4 3. Nf3 Nf6 4. e3 e6 5. Bxc4 a6 6. O-O c5 7. dxc5 Bxc5 8.
Qxd8+ Kxd8 9. Ne5 Ke7 10. Be2 Nbd7 11. Nc4 Rd8 12. a3 Nb6 13. Nxb6 Bxb6 14. Bf3
g5 15. g3 g4 16. Bg2 h5 17. e4 Nd7 18. Bd2 f6 19. Bb4+ Kf7 20. Nd2 Ne5 21. Bc3
Bd7 22. Bxe5 fxe5 23. Nc4 Bd4 24. Rab1 Bb5 25. Rfc1 Kg6 26. b3 Rf8 27. Rc2 Rac8
28. Bf1 Bc6 29. Bg2 Bd7 30. Rbc1 Rc5 31. Nxe5+ Rxe5 32. Rd1 Rc5 33. Rxc5 Bxc5
34. Rxd7 Rxf2 35. Kh1 Rb2 36. h4 Rb1+ 37. Kh2 Bg1+ 38. Kh1 Bf2+ 39. Kh2 Bg1+
40. Kh1 Bf2+ 41. Kh2 Rxb3 42. Rd1 Bxg3+ 43. Kh1 Rxa3 44. Rb1 b5 45. Bf1 Bxh4
46. Rb4 Be7 47. Rb1 Kg5 48. Bg2 Bc5 49. Kh2 Ra2 50. Kh1 h4 51. e5 Bd4 52. Re1
h3 53. Bf1 g3 0-1

[Event "36. Copenhagen Open (Politiken Cup)"]
[Site "Elsinore"]
[Date "2014.07.27"]
[Round "8"]
[White "Olsen, Michael Richard W"]
[Black "Jorgensen, Dennis"]
[Result "0-1"]
[WhiteElo "1990"]
[BlackElo "2216"]
[PlyCount "80"]
[EventDate "2014.07.21"]
[EventType "swiss"]
[EventRounds "10"]
[EventCountry "DEN"]
[Source "ChessBase"]
[SourceDate "2014.08.29"]

1. d3 d5 2. Nd2 e5 3. Ngf3 Nc6 4. e4 Nf6 5. Be2 Be7 6. O-O O-O 7. c3 a5 8. Qc2
Re8 9. a3 a4 10. Rd1 Bc5 11. Nf1 Qe7 12. Be3 dxe4 13. dxe4 Be6 14. N3d2 Ng4 15.
Bxg4 Bxg4 16. Re1 Red8 17. b4 axb3 18. Qxb3 Na5 19. Qb2 b6 20. a4 Rd3 21. Qb5
Rxc3 22. Qb2 Bd4 23. Bxd4 exd4 24. Nb1 Rc4 25. Nfd2 Rb4 26. Qa3 c5 27. Qg3 Bd7
28. f4 c4 29. Nf3 c3 30. Ne5 Rxa4 31. Nxc3 dxc3 32. Rad1 Qc5+ 33. Kh1 Be8 34.
Rd3 Rc8 35. Qh4 Rxe4 36. Rxe4 c2 37. h3 c1=Q+ 38. Re1 Q1c2 39. Rg3 Qf5 40. Rg5
Qxg5 0-1

[Event "36. Copenhagen Open (Politiken Cup)"]
[Site "Elsinore"]
[Date "2014.07.27"]
[Round "8"]
[White "Olsson, Tomas"]
[Black "Frisk, Hans"]
[Result "1/2-1/2"]
[WhiteElo "1872"]
[BlackElo "2042"]
[PlyCount "85"]
[EventDate "2014.07.21"]
[EventType "swiss"]
[EventRounds "10"]
[EventCountry "DEN"]
[Source "ChessBase"]
[SourceDate "2014.08.29"]

1. Nf3 d5 2. g3 Nc6 3. d4 Bf5 4. Bg2 Nb4 5. Na3 e6 6. c3 Na6 7. O-O Nf6 8. Ne5
Bd6 9. Nc2 h6 10. Ne3 Bh7 11. c4 c6 12. b3 O-O 13. Bb2 Nd7 14. Nxd7 Qxd7 15. a3
Nc7 16. Re1 a5 17. Nf1 Be7 18. Nd2 Ne8 19. e4 dxe4 20. Nxe4 Nf6 21. Nd2 Rfd8
22. Nf3 Qc7 23. Qe2 Bf8 24. Rac1 Qb6 25. Qe3 c5 26. h3 Rac8 27. Red1 Be4 28.
Ne5 Bxg2 29. Kxg2 Qc7 30. a4 Nd7 31. Nxd7 Rxd7 32. Qe2 Rcd8 33. dxc5 Qc6+ 34.
Kg1 Qxc5 35. Rxd7 Rxd7 36. Rd1 Rxd1+ 37. Qxd1 Qf5 38. Bd4 Qxh3 39. Qf3 Qf5 40.
Qxb7 Kh7 41. Kg2 e5 42. Qd5 Qc2 43. Bxe5 1/2-1/2